000 00392nam a2200169Ia 4500
008 230524s9999 xx 000 0 und d
020 _a8176353043
082 _a4.133
_bJAW
100 _aJamie jaworski
245 0 _aJAVA-2 Platform
250 _a1ST
260 _aNEW DELHI
_bTechmedia
_c1999
300 _aXXX;1426
500 _aQuantity Number: 3
650 _aComp-Sc
942 _cBK
999 _c15208
_d15208